Zákon o pojistném.
Poistné na všeobecné zdravotné poistenie. Poistné na sociálne zabezpečenie a príspevok na štátnu politiku zamestnanosti. Poistné sadzby. Zákon o poistnom na sociálne zabezpečenie a príspevku na štátnu politiku zamestnanosti. Obmedzená platnosť zákona do 31.12.1993.
Gespeichert in:
| 1. Verfasser: | |
|---|---|
| Format: | Buchkapitel |
| Sprache: | Tschechisch |
| Schlagworte: | |
| Tags: |
Keine Tags, Fügen Sie das erste Tag hinzu!
|
MARC
| LEADER | 00000naa a2200000 4500 | ||
|---|---|---|---|
| 001 | r013142 | ||
| 005 | 20221205075504.0 | ||
| 041 | 0 | |a cze | |
| 044 | |a SK | ||
| 245 | 1 | 0 | |a Zákon o pojistném. |c J. Příhodová |
| 520 | |a Poistné na všeobecné zdravotné poistenie. Poistné na sociálne zabezpečenie a príspevok na štátnu politiku zamestnanosti. Poistné sadzby. Zákon o poistnom na sociálne zabezpečenie a príspevku na štátnu politiku zamestnanosti. Obmedzená platnosť zákona do 31.12.1993. | ||
| 610 | 2 | 0 | |a poistné |
| 610 | 2 | 0 | |a poistenie zdravotné |
| 610 | 2 | 0 | |a zabezpečenie sociálne |
| 610 | 2 | 0 | |a politika |
| 610 | 2 | 0 | |a zamestnanosť |
| 610 | 2 | 0 | |a zákony |
| 610 | 2 | 0 | |a 1993 |
| 100 | 1 | |a Příhodová, J. | |